000 00403cam a22001337a 4500
008 180718b1999 xxu||||| |||| 00| 0 eng d
082 _aA81x54 91/25DP
100 _aCensus of India 1991
245 _aUttar Pradesh district profile 1991
260 _aDelhi
_bThe Controller of Publications
_c1999
300 _a382+p.
440 _aCensus of India 1991. Uttar Pradesh
650 _aUttar Pradesh - Census
999 _c492001
_d492001